000 01094nam a2200301 i 4500
001 000011934
003 DO-SdBNP
005 20260424091651.0
007 ta
008 091102s1983 dr r 001 p spa d
040 _aDO-SdBNP
_bspa
_cBNPHU
_erda
041 _aspa
082 4 _aRD861.44
_bR763s
_222
100 _aRomero Pumarol, Teófilo Ramón,
_eautor
_4aut.
_928214
245 1 0 _aSaetazos sagitarianos /
_cTeófilo Ramón Romero Pumarol ; edición, Ana Marina Méndez de Tirado ; prólogo, Frank Moya Pons.
264 1 _aSanto Domingo >
_bTalleres de la Corporación Dominicana de Electricidad,
_c1983.
300 _a[56 páginas] ;
_c22 cm.
336 _atexto
_btxt
_2rdacontent
337 _asin mediación
_bn
_2rdamedia
338 _avolumen
_bnc
_2rdacarrier
590 _aInventariado, 2018/BT
650 4 _aPoesía dominicana
_966
650 4 _aLiteratura dominicana.
_967
700 1 _aMéndez de Tirado, Ana Marina,
_eeditor
_4ed.
_928215
700 1 _aMoya Pons, Frank,
_d1944-
_eprologuista
_4pr.
_92095
910 _aValidado. Control de calidad. MMOLINA
942 _2ddc
_cLF2
999 _c11604
_d11604